Introducción a la economia política /

Guardado en:
Autor Principal: Peter, Hans
Formato: Libro
Publicado: Buenos Aires : El Ateneo, 0
Materias:
Etiquetas: Agregar Etiqueta
Sin Etiquetas, Sea el primero en etiquetar este registro!
LEADER 00577nam a22002055a 4500
001 CEM.cems005018
005 20060217000000.0
008 130507b######################000#0#####d
003 CEMS
082 0 4 |a 330.7 
100 1 |a Peter, Hans 
245 1 0 |a Introducción a la economia política / 
260 |a Buenos Aires :  |b El Ateneo, 0 
300 |a 354 p. 
653 |a Credito y bancos 
653 |a Economia internacional 
653 |a Economia politica 
653 |a Economia y estado 
653 |a Economia-sociedad 
859 |a CEMS  |b BIB. CEMS - 11 de abril  |h 330.7  |i P442  |p 6301.78  |t Ej.1